Property (A) of the third order differential equations with deviating argument

Podrobná bibliografia
Hlavný autor: Džurina, Jozef, 1958- (Autor)
Médium: Článok
Jazyk:slovenčina
angličtina
Fyzický popis:Lit. 9 zázn. v angl., ruš.
ISSN:0139-9918
Predmet:

MARC

LEADER 00000nab a2200000 a 4500
001 vtls000605793
003 SK-MaSNL
005 20260304091446.0
008 250425c1995 xo 0 slo
015 |a SNBRB19rr/mm-uuuuu 
035 |a CL0605932 
035 |a urn:nbn:sk:snk-abbqed 
035 |a (urnnbn)urn:nbn:sk:snk:ar-006kf8 
035 |a (uuid)d647f7d5-50e7-42ba-ada2-87cdbb9cb892 
040 |a SNKBUCL  |b slo  |c SNKBUCL  |e AACR2 
041 0 |a eng 
044 |a xo  |c SK 
080 |a 517.96  |2 1981 
100 1 |a Džurina, Jozef,  |d 1958-  |4 aut  |9 11254 
245 1 0 |a Property (A) of the third order differential equations with deviating argument  |c Jozef Džurina 
300 |b Lit. 9 zázn. v angl., ruš. 
650 0 7 |a rovnice diferenciálne funkcionálne  |2 snkbucl  |9 1378114 
655 7 |a články z novín a časopisov  |2 snkbucl  |9 267496 
773 0 |t Mathematica slovaca  |g Roč. 45, č. 4 (1995), s. 395-402  |x 0139-9918 
850 |a Slovenská národná knižnica 
852 |a Slovenská národná knižnica 
958 |a article15 
958 |a NX 
958 |a NB 
958 |a RK 
958 |a OND 
958 |a EUIPO 
992 |a RBX 
999 |c 2815455  |d 2817385